Top 100 giocatori dell'Inter - Statistics

Statistiche generali
  • Questo quiz è stato fatto 377 volte
    369 dall'ultimo reset
  • Il punteggio medio è 42 su 100
Statistiche sulle risposte
Hint Risposta % Corretto
53 Javier Zanetti
92%
22 Diego Milito
88%
59 Lautaro Martinez
86%
77 Nicolò Barella
84%
86 Ronaldo
83%
74 Mauro Icardi
81%
56 Julio Cesar
80%
88 Samir Handanovic
80%
5 Alessandro Bastoni
77%
41 Giuseppe Meazza
77%
89 Samuel Eto'o
77%
16 Christian Vieri
74%
85 Romelu Lukaku
74%
24 Esteban Cambiasso
73%
97 Wesley Sneijder
71%
68 Marco Materazzi
70%
20 Dejan Stankovic
67%
28 Federico Dimarco
67%
66 Maicon
66%
95 Walter Samuel
66%
63 Lucio
65%
100 Zlatan Ibrahimovic
65%
44 Hakan Calhanoglu
62%
18 Cristian Chivu
61%
31 Francesco Toldo
61%
40 Giuseppe Bergomi
61%
42 Goran Pandev
60%
69 Marcus Thuram
60%
96 Walter Zenga
60%
90 Sandro Mazzola
59%
62 Lothar Matthaus
58%
2 Adriano
57%
49 Ivan Cordoba
57%
91 Stefan de Vrij
57%
29 Francesco Acerbi
56%
34 Giacinto Facchetti
55%
4 Alessandro Altobelli
54%
84 Rodrigo Palacio
53%
50 Ivan Perisic
52%
81 Roberto Baggio
52%
67 Marcelo Brozovic
51%
75 Milan Skriniar
49%
94 Thiago Motta
49%
1 Achraf Hakimi
44%
46 Hernan Crespo
43%
64 Luis Figo
43%
65 Luis Suarez
42%
7 Andrea Ranocchia
41%
35 Gianluca Pagliuca
41%
17 Clarence Seedorf
39%
54 Juan Cruz
39%
73 Matteo Darmian
39%
8 Andreas Brehme
38%
79 Patrick Vieira
36%
78 Obafemi Martins
35%
11 Antonio Candreva
34%
39 Giuseppe Baresi
34%
51 Ivan Zamorano
34%
83 Roberto Carlos
34%
82 Roberto Boninsegna
33%
45 Henrik Mkhitaryan
32%
99 Yuto Nagatomo
31%
27 Fabio Cannavaro
30%
55 Juan Sebastian Veron
30%
57 Karl-Heinz Rummenigge
30%
71 Mario Corso
30%
98 Youri Djorkaeff
29%
19 Danilo d'Ambrosio
28%
3 Aldo Serena
27%
15 Christian Eriksen
27%
32 Fredy Guarin
27%
76 Nicola Berti
27%
52 Jair da Costa
26%
92 Tarcisio Burgnich
26%
33 Gabriele Oriali
24%
23 Diego Simeone
22%
80 Riccardo Ferri
22%
21 Dennis Bergkamp
21%
72 Matias Vecino
21%
12 Armando Picchi
19%
25 Evaristo Beccalossi
19%
38 Giuliano Sarti
18%
47 Istvan Nyers
16%
48 Ivan Bordon
16%
93 Taribo West
14%
14 Benito Lorenzi
13%
58 Laurent Blanc
13%
10 Antonio Angelillo
11%
87 Ruben Sosa
11%
36 Gianpiero Marini
10%
9 Angelo Domenghini
9%
30 Francesco Moriero
9%
43 Graziano Bini
9%
13 Attilio Demaria
5%
60 Lennart Skoglund
4%
61 Leopoldo Conti
4%
6 Amedeo Amadei
3%
37 Gino Armano
3%
26 Faas Wilkes
1%
70 Mario Balotelli
1%
Nessun quiz corrispondente trovato
Distribuzione punteggi
Percentuale di utenti per punteggio
Percentile per numero di risposta
I tuoi punteggi nel tempo
Non hai fatto questo quiz dall'ultimo reset